000
00308nam a2200109 4500
008
160623b xxu||||| |||| 00| 0 eng d
100
_9
660
_a
MacDougall, M.S
245
_a
Biology the Science of Life
260
_a
N.Y
_b
McGraw Hill Book.Com.Inc.
_c
1943
300
_a
McGraw Hill Book.Com.Inc.
942
_2
ddc
_c
BK
999
_c
539
_d
539